Online
Catalog

Discurso pronunciado por el señor Ismael Paniagua, director de la editora universitaria de la universidad Autonóma de Santo Domingo, con motivo de la celebración del 2do. aniversario de la aplicación de la nueva politíca editorial. (Record no. 28219)

MARC details
000 -CABECERA
campo de control de longitud fija 00870nam a2200229 a 4500
001 - NÚMERO DE CONTROL
campo de control 000028727
003 - IDENTIFICADOR DEL NÚMERO DE CONTROL
campo de control DO-SdBNP
005 - FECHA Y HORA DE LA ÚLTIMA TRANSACCIÓN
campo de control 20250924073802.0
007 - CAMPO FIJO DE DESCRIPCIÓN FÍSICA--INFORMACIÓN GENERAL
campo de control de longitud fija ta
008 - DATOS DE LONGITUD FIJA--INFORMACIÓN GENERAL
campo de control de longitud fija 110411s1986 dr 000 0 spa d
040 ## - FUENTE DE LA CATALOGACIÓN
Centro catalogador/agencia de origen DO-SdBNP
Lengua de catalogación spa
Centro/agencia transcriptor BNPHU
049 ## - FONDOS LOCALES (OCLC)
Fondos de biblioteca BNPD
082 #4 - NÚMERO DE LA CLASIFICACIÓN DECIMAL DEWEY
Número de edición 22
245 00 - MENCIÓN DE TÍTULO
Título Discurso pronunciado por el señor Ismael Paniagua, director de la editora universitaria de la universidad Autonóma de Santo Domingo, con motivo de la celebración del 2do. aniversario de la aplicación de la nueva politíca editorial.
260 ## - PUBLICACIÓN, DISTRIBUCIÓN, ETC.
Lugar de publicación, distribución, etc. Santo Domingo, :
Nombre del editor, distribuidor, etc. Universitaria,
Fecha de publicación, distribución, etc. 1986.
300 ## - DESCRIPCIÓN FÍSICA
Extensión 16 p. ;
Dimensiones 21 cm.
490 1# - MENCIÓN DE SERIE
Mención de serie Publicaciones de la Universidad Autónoma de Santo Domingo
Designación de volumen o secuencia 495
490 1# - MENCIÓN DE SERIE
Mención de serie Discursos
Designación de volumen o secuencia 11
830 ## - PUNTO DE ACCESO ADICIONAL DE SERIE-TÍTULO UNIFORME
Título uniforme Publicaciones de la Universidad Autónoma de Santo Domingo
Designación de volumen o secuencia 495
9 (RLIN) 52
830 #0 - PUNTO DE ACCESO ADICIONAL DE SERIE-TÍTULO UNIFORME
Título uniforme Discursos
Designación de volumen o secuencia 11
9 (RLIN) 12120
942 ## - ELEMENTOS DE PUNTO DE ACCESO ADICIONAL (KOHA)
Fuente del sistema de clasificación o colocación Dewey Decimal Classification
Tipo de ítem Koha Libro
Holdings
Estado de retiro Estado de pérdida No para préstamo Código de colección Localización permanente Ubicación/localización actual Ubicación en estantería Fecha de adquisición Número de inventario Total de préstamos Signatura topográfica completa Código de barras Fecha visto por última vez Número de copia Precio válido a partir de Tipo de ítem Koha Restricciones de uso
    Excluido de préstamo Patrimonio Dominicano General General En catalogación 08.06.2011 LF1   28727-20 25.06.2020 e. 2 25.06.2020 Libro y Folleto Colección Patrimonio Dominicano  
  Extraviado   Dominicana de Servicio General General Extraviado 08.06.2011 LF1   28727-30 25.06.2020 e. 3 25.06.2020 Libro y Folleto Colección Dominicana de Servicio  
    Excluido de préstamo Patrimonio Dominicano Patrimonio Dominicano Patrimonio Dominicano En catalogación 11.04.2011 LF1   28727-10 25.06.2020   25.06.2020 Libro y Folleto Colección Patrimonio Dominicano  

Powered by Koha